000
00318nam a22001337a 4500
020
_q
PB.
040
_c
FIZZA ISHAQ
082
_a
005.133
_b
STE
100
_a
OUALLINE, STEVE.
_9
86979
245
_a
PRACTICAL C PROGRAMING /
_c
STEVE OUALLINE.
260
_b
O'REILLY,
_c
1997.
300
_a
428 P. ;
942
_2
ddc
_c
BK
999
_c
587448
_d
587448